Ahdas fi tareekh al-khaleej al-arbi (Record no. 1227484)

MARC details
000 -LEADER
fixed length control field 00583nam a2200217Ia 4500
005 - DATE AND TIME OF LATEST TRANSACTION
control field 20241129110139.0
008 - FIXED-LENGTH DATA ELEMENTS--GENERAL INFORMATION
fixed length control field 241129s9999||||xx |||||||||||||| ||und||
020 ## - INTERNATIONAL STANDARD BOOK NUMBER
International Standard Book Number 977-438-053-2
037 ## - SOURCE OF ACQUISITION
Stock number TB
040 ## - CATALOGING SOURCE
Original cataloging agency ARTS
Language of cataloging eng
Transcribing agency ARTS
041 ## - LANGUAGE CODE
Language code of text/sound track or separate title eng
Source of code ara
084 ## - COLON CLASSIFICATION NUMBER
Classification number V45 28Q0
Assigning agency ARTS
100 ## - MAIN ENTRY--PERSONAL NAME
Personal name Saadauf Khalid Hamood Au.
9 (RLIN) 727399
245 #0 - TITLE STATEMENT
Title Ahdas fi tareekh al-khaleej al-arbi
Statement of responsibility, etc. Saadauf Khalid Hamood Au.
260 ## - PUBLICATION, DISTRIBUTION, ETC.
Date of publication, distribution, etc. 2009
300 ## - PHYSICAL DESCRIPTION
Extent 432p.
365 ## - TRADE PRICE
Price type code INR
Price amount 1302
650 ## - SUBJECT ADDED ENTRY--TOPICAL TERM
Topical term or geographic name entry element History-Iran
9 (RLIN) 726418
942 ## - ADDED ENTRY ELEMENTS (KOHA)
Koha item type Textbook
Classification part V45 28Q0
Holdings
Withdrawn status Lost status Damaged status Not for loan Home library Current library Date acquired Source of acquisition Cost, normal purchase price Inventory number Total Checkouts Full call number Barcode Date last seen Price effective from Koha item type
        Arts Library Arts Library 2024-11-29 Nadwi Publications 1302.00 1723 & 27/01/2024   V45 28Q0 AL1803518 2024-11-29 2024-11-29 Textbook
Copyright @ Delhi University Library System